| 000 | 00641nam a22002172 4500 | ||
|---|---|---|---|
| 001 | 0000004438 | ||
| 005 | 20151217145808.0 | ||
| 008 | 070523s xx 000 0 eng d | ||
| 020 | _a0075572001 : | ||
| 040 |
_aKABU _cKABU |
||
| 050 | 0 |
_aQA188 _b.G645 1991 |
|
| 100 | 1 |
_aGoldberg, Jack J. _@0000155001 |
|
| 245 | 1 | 0 |
_aMatrix theory with applications / _cL. Goldberg. |
| 260 |
_aNew York : _bMcGraw-Hill, _c1991. |
||
| 300 | _axxi, 520 p. | ||
| 650 | 0 |
_aMatrices. _@0000155000 |
|
| 908 | _a070523 | ||
| 950 | _@1 | ||
| 999 |
_c2681 _d2681 |
||